| 000 | 00515 a2200169 4500 | ||
|---|---|---|---|
| 003 | NUST | ||
| 005 | 20221209143110.0 | ||
| 040 | _cNust | ||
| 082 | _a297.55,ABD | ||
| 100 |
_aAbdur, Rauf _973276 |
||
| 245 |
_aHajj & Umrah Guide / _cDr Abdur Rauf |
||
| 260 |
_aKarachi _bFerozsons Ltd _c1995 |
||
| 300 | _a230:p .: | ||
| 505 | _aPart-1: A Comprehensive guide to Hajj and Umrah (Page-1) Part-2: Everyday Arabic for all Pilgrims (Page-169). | ||
| 650 |
_aHajj & Umrah Guide _9104562 |
||
| 942 |
_2ddc _cBK _k297.55,ABD |
||
| 999 |
_c185393 _d185393 |
||